| 000 | 00795cam a22002657a 4500 | ||
|---|---|---|---|
| 003 | CHAP | ||
| 005 | 20220329140747.0 | ||
| 008 | 971013s1982 r 00010 d | ||
| 010 | _a57186 | ||
| 011 | _a58158 | ||
| 035 | _a62313 | ||
| 040 | _cCHAP | ||
| 082 |
_a001.6424 _bS6Y 1977 |
||
| 100 | 0 | 0 |
_aSquire, Enid. _9109322 |
| 245 | 1 | 3 |
_aLa computadora _b: un auxiliar indispensable |
| 260 |
_aMéxico : _bFondo Educativo Internamericano, _c1982 |
||
| 300 |
_a206 p. _b: ilus. |
||
| 500 | _aTrad. de la 2 ed. en inglés de 1977 | ||
| 590 |
_aBATCH-UPD _b10 _c20130110 _lUCH01 _h1859 |
||
| 590 |
_aCONVERSION _b10 _c20130109 _lUCH01 _h1331 |
||
| 650 | 1 | 4 |
_aComputadoras. _926129 |
| 901 | _aBK | ||
| 942 | _cLIBRO | ||
| 949 |
_a001.6424 S6Y 1977 _bBC _cLIBRO _d33724000602504 _eLIBRO _h65805 _i62313 _si |
||
| 999 |
_c57186 _d57186 |
||